Sports Quiz

Random Sports Quiz

TNA X Division Championship History Quiz Stats

Quiz not verified by Sporcle

Challenge
Share
Tweet
Embed
Score 0/54 Timer 15:00
0 Plays Today
Year Wrestler % Correct
2002AJ Styles
97%
2002AJ Styles
97%
2004AJ Styles
97%
2005AJ Styles
97%
2005AJ Styles
97%
2006AJ Styles
97%
2005Christopher Daniels
91%
2006Christopher Daniels
91%
2006Christopher Daniels
91%
2005Samoa Joe
90%
2006Samoa Joe
90%
2007Samoa Joe
90%
2009Samoa Joe
90%
2003Chris Sabin
86%
2004Chris Sabin
86%
2006Chris Sabin
86%
2007Chris Sabin
86%
2004Kazarian and Michael Shane
84%
2007Jay Lethal
83%
2007Jay Lethal
83%
2008Jay Lethal
83%
2010Jay Lethal
83%
2010Jay Lethal
83%
2010Jay Lethal
83%
2004Kazarian
82%
2010Kazarian
82%
2011Kazarian
82%
Year Wrestler % Correct
2004Petey Williams
80%
2007Kurt Angle
80%
2008Petey Williams
80%
2011Abyss
80%
2002Low Ki
78%
2006Senshi
78%
2009Alex Shelley
78%
2010Doug Williams
78%
2010Doug Williams
78%
2011Austin Aries
74.1%
2002Jerry Lynn
72%
2002Jerry Lynn
72%
2003The Amazing Red
72%
2009The Amazing Red
72%
2010The Amazing Red
72%
2011Brian Kendrick
72%
2012Zema Ion
72%
2008Eric Young
71%
2003Michael Shane
70%
2009Suicide
63%
2009Homicide
59%
2002Syxx
55%
2010Robbie E
51%
2002Sonny Siaki
50%
2008Sheik Abdul Bashir
46%
2003Kid Kash
43%
2008Johnny Devine
40%

You're not logged in!

Compare scores with friends on all Sporcle quizzes.
Join for Free
OR
Log In

You Might Also Like...

Show Comments

Extras

Top Quizzes Today


Score Distribution

Your Account Isn't Verified!

In order to create a playlist on Sporcle, you need to verify the email address you used during registration. Go to your Sporcle Settings to finish the process.

Report this User

Report this user for behavior that violates our Community Guidelines.

Details: